000 00630nam a2200217 i 4500
001 bgj
245 1 0 _aEntwicklungstendenzen in der deutschen Gegenwartssprache /
_chrsg. von Karl-Ernst Sommerfeldt.
260 _aLeipzig :
_bVEB Bibliographisches Institut,
_c1988.
300 _a267 s. ;
_c22 cm.
504 _aBibliogr. s. 245-266. Indeks.
650 9 _aJęzyk niemiecki
_xhistoria
700 1 _aSOMMERFELDT, Karl-Ernst.
020 _a3323001699
040 _cBPK
041 0 _ager
044 _aDEU
080 _a811.112.2(091)
920 _a3-323-00169-9
942 _cKS
008 s gw f |000 0 ger
999 _c49548
_d49548
856 _uhttp://koha.tu.koszalin.pl/cgi-bin/koha/opac-detail.pl?biblionumber=49548
_yKatalog online BPK